Statistics for Marvel Trivia

Click here to take the quiz!

General Stats

  • This quiz has been taken 392 times
  • The average score is 6 of 20

Answer Stats

HintAnswer% Correct
Who is Tony Stark's/ Pepper's bodyguard?Happy Hogan
79%
What kind of food does Tony Stark suggest the Avengers eat after saving New York in 'The Avengers'?Shawarma
72%
Who gives Loki his powerful scepter as a gift?Thanos
71%
What '80s movie character who got his start in Marvel comics could be seen in the Collector's menagerie?Howard the Duck
51%
"Some believe that before the universe, there was nothing. They're wrong. There was darkness... and it has survived." Who said it?Odin
46%
Who played Nebula in 'Guardians of the Galaxy'?Karen Gillan
43%
Who directed 'The Avengers'?Joss Whedon
31%
Who is Loki's biological father?Laufey
30%
Who played Drax the Destroyer?Dave Bautista
24%
"As far as I'm concerned, that man's whole body is property of the U.S. army." Who said it?General Thunderbolt Ross
18%
What was the Mandarin's real name?Trevor Slattery
18%
What song does baby Groot dance to at the end of 'Guardians of the Galaxy'?I Want You Back -Jackson 5
17%
In 'Iron Man 2,' what supposedly bunker-busting smart missile fizzled when War Machine tried to use it?The Ex-Wife
12%
Name the character, who developed the super soldier serum in 'Captain America.'Dr. Abraham Erskine
11%
What brothers co-directed 'Captain America: The Winter Soldier'?Joe and Anthony Russo
11%
Samuel Sterns (played by Tim Blake Nelson) becomes a villain in the 'Hulk' comic books. What's his supervillain name?Leader
11%
What was Sam Wilson before he became Falcon?A Pararescue
10%
Who killed Frigga in 'Thor: The Dark World'?Kurse/ Algrim
8%
After which '80s TV star did Star-Lord name his ship?Alyssa Milano
6%
Which of these characters was NOT in the post-credits scene for 'Guardians of the Galaxy'?Adam Warlock
2%

Score Distribution

Percentile by Number Answered

Percent of People with Each Score

Your Score History

You have not taken this quiz